|
|
|
|
| LEADER |
01918nam a2200349 i 4500 |
| 001 |
33738 |
| 003 |
BD-DhAAL |
| 005 |
20180916155005.0 |
| 008 |
180916t2016 bg s f000 0 eng |
| 999 |
|
|
|c 40024
|d 40024
|
| 010 |
|
|
|a 2016319020
|
| 020 |
|
|
|a 9789843396181
|
| 025 |
|
|
|a B-E-2016319020; 22-92
|
| 037 |
|
|
|b Library of Congress -- New Delhi Overseas Office
|
| 040 |
|
|
|a DLC
|b eng
|e rda
|c DLC
|d DLC
|
| 042 |
|
|
|a lcode
|
| 043 |
|
|
|a a-bg---
|
| 050 |
0 |
0 |
|a HV555.B36
|b B36 2016
|
| 082 |
|
|
|2 23
|a 363.345250954
|
| 245 |
0 |
0 |
|a Bangladesh disaster-related statistics 2015 :
|b climate change and natural disaster perspectives /
|c Impact of Climate Change on Human Life Programme, Bangladesh Bureau of Statistics, Statistics and Informatics Division, Ministry of Planning, Government of the People's Republic of Bangladesh,
|
| 260 |
|
|
|a Dhaka :
|b Impact of Climate Change on Human Life Programme, Bangladesh Bureau of Statistics, Statistics and Informatics Division, Ministry of Planning, Government of the People's Republic of Bangladesh,
|c 2016.
|
| 300 |
|
|
|a xxxx, 290 pages ;
|b color illustrations :
|c 28 cm.
|
| 500 |
|
|
|a Chiefly statistical tables.
|
| 526 |
|
|
|a AAL
|
| 541 |
|
|
|a Development Book Agency
|e 33738
|
| 650 |
|
0 |
|a Disaster relief
|z Bangladesh
|v Statistics.
|9 28211
|
| 650 |
|
0 |
|a Emergency management
|z Bangladesh
|v Statistics.
|9 28212
|
| 650 |
|
0 |
|a Nautral Disasters
|z Bangladesh.
|9 28213
|
| 710 |
2 |
|
|a Impact of Climate Change on Human Life Programme (ICCHL)
|b Bangladesh Bureau of Statistics (BBS),
|b Statistics and Informatics Division(SID),
|b Ministry of Planning,
|b Government of the People's Republic of Bangladesh
|9 28214
|
| 852 |
|
|
|a Ayesha Abed Library
|c General Stacks
|
| 942 |
|
|
|2 ddc
|c BK
|
| 952 |
|
|
|0 0
|1 0
|2 ddc
|4 0
|6 363_345250954000000_BAN
|7 0
|9 64307
|a BRACUL
|b BRACUL
|c GEN
|d 2018-08-28
|e Development Book Agency
|g 600.00
|l 1
|o 363.345250954 BAN
|p 3010033738
|r 2023-12-27
|s 2023-12-11
|t 1
|v 600.00
|w 2018-08-28
|y BK
|